Missing Word: Late Night Segments Quiz Stats

Quiz Updated Jul 11, 2015

Challenge
Share
Tweet
Embed
Score 0/20 Timer 03:00
0 Plays Today
Segment Word % Correct
Pros and ____Cons
97.5%
Top ___ ListsTen
95.9%
Don't Try This at ____Home
94%
____ Trebek Has Gone InsaneAlex
88.4%
Stupid Pet (or Human) ______Tricks
76.8%
Triumph the Insult Comic ___Dog
73.4%
____ in Black with Lewis BlackBack
70.2%
___walkingJay
56.6%
Thank-You _____Notes
56%
Celebrities Read ____ TweetsMean
52.8%
Segment Word % Correct
Your Moment of ___Zen
44.7%
____ O'PotamiaMess
44.3%
___________ Mascots that should Never DunkBasketball
42.6%
Tip of the Hat, Wag of the ______Finger
42.6%
Cheating _____ with Stephen T. Colbert, DFADeath
30.3%
Lie Witness ____News
27.4%
Slow ___ the NewsJam
26%
Better ____ a DistrictKnow
23.4%
New _____Rules
14.8%
Hello ____ GamesDeli
8.4%

Today's Daily Dose

Word Ladder
'90s Movies

Quick Pick
'Fire' Movies

On This Day
June 19th II

You're not logged in!

Compare scores with friends on all Sporcle quizzes.
Join for Free
OR
Log In

You Might Also Like...

Show Comments

Extras

Top Quizzes Today


Score Distribution

Your Account Isn't Verified!

In order to create a playlist on Sporcle, you need to verify the email address you used during registration. Go to your Sporcle Settings to finish the process.

Report this User

Report this user for behavior that violates our Community Guidelines.

Details: